El hombre estatua
Сохранить в:
| Главный автор: | |
|---|---|
| Формат: | |
| Язык: | испанский |
| Опубликовано: |
Santiago
LOM
2010
|
| Редактирование: | 1a. ed |
| Серии: | Colección Narrativa
|
| Предметы: | |
| Метки: |
Добавить метку
Нет меток, Требуется 1-ая метка записи!
|
MARC
| LEADER | 00000cam a2200000 a 4500 | ||
|---|---|---|---|
| 001 | UCG8217 | ||
| 003 | CL-VaPUC | ||
| 008 | 111202e20100000CL |||||||||||||||||spa|d | ||
| 020 | |a 9789560001665 | ||
| 082 | 0 | 4 | |a Ch863 |b CAS |2 21 |
| 100 | 0 | |a Casas, Jaime |e author |9 559135 | |
| 245 | 1 | 3 | |a El hombre estatua |
| 250 | |a 1a. ed | ||
| 300 | |a 158 p | ||
| 942 | |c BK | ||
| 945 | |d 20111202 00:00:00 |a cmena | ||
| 260 | |a Santiago |b LOM |c 2010 | ||
| 500 | |a Cuando Benito Alonso y su ex compañero de prisión Juan Murillo deciden cambiar de rubro, luego de la fracasada venta de libros, buscan nuevamente hacer frente a una sociedad y una historia que ya les había conferido una gran derrota. Esta vez se harán panaderos, eso no podría fallar, la necesidad alimenticia es diaria e ineludible, tendrían éxito si hacen las cosas bien, aunque "jamás nos tragaríamos la idea de ser patrones". En otro punto de la ciudad, Alejandro Royal, un millonario favorecido por las oportunidades económicas del modelo chileno, es decir, por la especulación, piensa que si "los empresarios ...son los auténticos protagonistas de la historia", ellos pueden moldear la sociedad y los hombres. Es a partir de la construcción de estos personajes y del modo como Jaime Casas los entrelaza, que nos adentramos a una historia que bordea el no realismo, pero que no fuerza la "verosimilitud", esa imagen total que no solamente puede ser aceptada por los lectores de novelas, sino que puede satusfacerlos por su peculiar originalidad, confirmando que Jaime Casas es uno de los interesantes narradores del actual panorama literario chileno | ||
| 650 | 0 | |a Novelas chilenas |9 265425 | |
| 650 | 0 | |a Literatura chilena |9 308278 | |
| 583 | |a last modification |c 20111202 14:14:00 |k Rodrigo Vera | ||
| 490 | 0 | |a Colección Narrativa | |
| 999 | |c 345837 |d 345835 | ||
| 952 | |0 0 |1 0 |4 0 |6 CH_863_000000000000000_CAS_2010 |7 0 |8 A |9 446121 |a FDOPOS |b FDOPOS |d 2019-11-22 |i 4807960 |o Ch863 CAS 2010 |p 4807960 |r 2025-01-22 |w 2019-11-22 |y BK |k DLH | ||